000 00418nam a2200169Ia 4500
008 100217t1990 xxu||||| |||| 00| 0 sin d
041 _asin
080 _aX8S31
_bILA
100 _aIlanganthilake, Pushpa
245 _aසුභ මොහොත
246 _aSubha Mohotha
260 _bGodage
_aColombo
_c1990
300 _a270p., 16 cm
942 _cBK
999 _c70686
_d70686
003 LK-CoDNM
040 _aLK-CoDNM
_dLK-CoDNM
_eLK-CoDNM